000
00202 a2200097 4500
001
18055
100
_a
Lee, A M
245
_a
Applied queueing theory
260
_a
_b
Macmillan
_c
090
_c
13349
_d
13349
942
_a
NUST-CAE
_c
M
_c
3724
999
_c
253128
_d
253128